000 00497nam a2200181Ia 4500
005 20250923144832.0
008 008 250917s9999 xx 000 0 eng d
037 _aTextual
040 _aDSWL
_beng
_cDSWL
041 _aeng
_2eng
084 _aYX, N20
_qDSWL
100 _aAttlee, C.R.
_9828915
245 4 _aThe Social Worker
_cby C.R. Attlee
260 _aLondon
_bG.Bell & Sons
_c1920
300 _aviii,286p.
942 _cTEXL
_hYX, N20
999 _c1443957
_d1443957